1346 1568 1048 1522 1040 1560 1622 1375 1684 1727 1828 1865 1649 1132 1154 1459 1197 1671 1009 1518 1809 1235 1099 1800 1297 1948 1558 1658 1566 1527 1590 1221 1013 1033 1085 1072 1628 1325 1919 1512 1652 1341 1271 1417 1789 1558 1930 1166 1673 1967 1751 1652 1347 1107 1103 1482 1078 1965 1822 1187 1326 1989 1526 1199 1355 1957 1205 1486 1586 1819 1213 1444 1123 1642 1791 1554 1576 1372 1699 1299 1737 1160 1865 1495 1240 1139 1614 1746 1992 1681 1217 1899 1779 1894 1843 1531 1449 1522 1338 BCNSPRNW ULIB Ver.6.0+V

เปลี่ยนเป็นภาษาไทย

Change to English
 แสดงรายละเอียดบรรณานุกรม
  กลับหน้าหลัก

Brief Record : Get Marc (ISO 2709) : E-mail record : QR code < ปิดหน้าต่าง
LEADER : 00000nam 2200000uu 4500
001    13399113151
003     ULIB
008    110928s2550||||th 000 0 tha d
020    9789744896612
050 04 QA76.75^bช576ค 2550
100 0  ชิษณุพงศ์ ธัญญลักษณ์
245 10 คู่มือ Visio 2003 ฉบับสมบูรณ์ /^cชิษณุพงศ์ ธัญญลักษณ์
250    พิมพ์ครั้งที่ 1
260    กรุงเทพฯ :^bซัคเซส มีเดีย,^c2550
300    224 หน้า :^bภาพประกอบ ;^c22 ซม
650  7 ไมโครซอฟต์วิสิโอ
650  7 โปรแกรมคอมพิวเตอร์
650  7 ผังงาน^xโปรแกรมคอมพิวเตอร์
740 0  Visio 2003 ฉบับสมบูรณ์
945    ^p189^l0^i024659
945    ^p189^l0^i024660
995    ทศพร
999 ^a ทศพร
รายการนี้ยังไม่มีแท็ก
คุณยังไม่ได้ล็อกอิน คุณสามารถมีกิจกรรมร่วมกับเว็บไซต์ได้ แต่ต้องล็อกอินก่อน ::
  ล็อกอิน

รายการสื่อสารสนเทศ

ลำดับที่ ประเภท เลขเรียก/บาร์โค้ด สถานที่ สถานะ
- ไม่พบข้อมูล -

รายการใกล้เคียง
    หัวเรื่อง [โปรแกรมคอมพิวเตอร์]

BibComment


ยังไม่เคยถูกคอมเมนท์

คอมเมนท์ทรัพยากรรายการนี้
  คอมเมนท์: คู่มือ Visio 2003..


 Copyright 2026. Bcnsprnw @Library